000 01450nam a2200337 i 4500
001 36116
003 ES-MaACL
005 20230906155314.0
007 t|
008 030217s1960 sp ||||1| spa d
100 1 _aBromfield, Louis.
_931885
245 1 0 _aObras completas /
_cLouis Bromfield ; prólogo de Salvador Bordoy Luque.
260 _aMadrid :
_bAguilar Sánchez Beal,
_c1960.
300 _a3 v. :
_bretr. aut. ;
_c22 cm.
505 8 _aContiene: V. I: El río salvaje / traducción de Santiago Valdanzo. -- V. II: Vinieron las lluvias / traducción de Juan García Puente. Noche en Bombay / traducción de Santiago Valdanzo. Miss Parkington / traducción de Antonio Valencia. La selva / traducción de Mª Virginia Martínez Abaría. -- V. III: El árbol de Bahía Verde / traducción del inglés por Juan García Puente. Otoño Precoz. Una buena mujer. La granja
700 1 _aBordoy Luque, Salvador.
_930424
700 1 _aValdanzo, Santiago.
_9112478
700 1 _aGarcía-Puente, Juan.
_955139
700 1 _aValencia, Antonio.
_9112563
700 1 _aMartínez Abaría, María Virginia.
_977816
740 3 _aEl río salvaje.
740 0 _aVinieron las lluvias.
740 0 _aNoche en Bombay.
740 0 _aMis Parkington.
740 3 _aLa selva.
740 3 _aEl árbol de Bahía Verde.
740 0 _aOtoño precoz.
740 4 _aUna buena mujer.
740 3 _aLa granja.
852 _aES-MaACL
_jE-5104-06
_bR.46426
999 _c36116
_d36116